[Event "DAGIJ"]
[Site "SchemingMind.com"]
[Date "2023.02.13"]
[Round "-"]
[White "MazetaFighter"]
[Black "Transcendent"]
[Result "1/2-1/2"]
[WhiteCountry "GRE"]
[BlackCountry "ENG"]
[WhiteElo "2033"]
[WhiteRD "79"]
[BlackElo "2054"]
[BlackRD "83"]
[GameID "731292"]

1. e4 e6 2. d4 d5 3. Nd2 Nf6 4. e5 Nfd7 5. c3 c5 6. Bd3 Nc6 7. Ne2 cxd4 8. cxd4 f6 9. exf6 Qxf6 10. Nf3 h6
11. O-O Bd6 12. Be3 O-O 13. Rc1 Rf7 14. Bb5 e5 15. Rxc6 bxc6 16. Bxc6 e4 17. Bxa8 exf3 18. Bxd5 fxe2 19. Bxf7+ Qxf7 20. Qxe2 Nf6
21. Rc1 Bb7 22. b3=
1/2-1/2

[Event "DAGIJ"]
[Site "SchemingMind.com"]
[Date "2023.02.11"]
[Round "-"]
[White "Transcendent"]
[Black "MazetaFighter"]
[Result "1/2-1/2"]
[WhiteCountry "ENG"]
[BlackCountry "GRE"]
[WhiteElo "2054"]
[WhiteRD "83"]
[BlackElo "2033"]
[BlackRD "79"]
[GameID "731293"]

1. Nf3 d5 2. e3 Nf6 3. c4 e6 4. b3 Bd6 5. d4 O-O 6. Bb2 b6 7. Bd3 Bb7 8. O-O Nbd7 9. Qe2 a6 10. Nbd2 Ne4
11. Rfc1 Qe7 12. Rc2 c5 13. Ne5 Nxd2 14. Nxd7 Qxd7 15. Rxd2 dxc4 16. Bxc4 Qc7 17. dxc5 Bxh2+ 18. Kf1 b5 19. Bd3 f5 20. f4 Bg3
21. Rc1 Qe7 22. c6 Bxc6 23. Qh5 Rac8 24. Qh3 Qh4 25. Qxh4=
1/2-1/2

[Event "DAGIJ"]
[Site "SchemingMind.com"]
[Date "2023.02.13"]
[Round "-"]
[White "MazetaFighter"]
[Black "ray winteringham"]
[Result "1-0"]
[WhiteCountry "GRE"]
[BlackCountry "ENG"]
[WhiteElo "2002"]
[WhiteRD "82"]
[BlackElo "1427"]
[BlackRD "48"]
[GameID "731294"]

1. e4 e5 2. Nf3 d6 3. d4 exd4 4. Qxd4 Nc6 5. Bb5 Bd7 6. Bxc6 Bxc6 7. Nc3 h6 8. Be3 Be7 9. Nd5 Nf6 10. O-O-O Bxd5
11. exd5 O-O 12. h3 b6 13. g4 Nh7 14. h4 f6 15. Qe4 Re8 16. Qg6 Rf8 17. Bxh6 Rf7 18. Be3 Nf8 19. Qd3 Qd7 20. Rdg1 Nh7
21. g5 fxg5 22. hxg5 Qf5 23. g6 Qxd3 24. gxf7+ Kxf7 25. cxd3
1-0

[Event "DAGIJ"]
[Site "SchemingMind.com"]
[Date "2023.02.08"]
[Round "-"]
[White "ray winteringham"]
[Black "MazetaFighter"]
[Result "0-1"]
[WhiteCountry "ENG"]
[BlackCountry "GRE"]
[WhiteElo "1401"]
[WhiteRD "48"]
[BlackElo "1992"]
[BlackRD "89"]
[GameID "731295"]

1. e4 e5 2. Bc4 Nf6 3. d3 Nc6 4. Bg5 Na5 5. Nc3 c6 6. Qf3 Be7 7. Bxf6 Bxf6 8. Nge2 Nxc4 9. dxc4 d6 10. O-O-O Be6
11. b3 Qd7 12. Na4 O-O 13. Nc5 Qc7 14. Nxe6 fxe6 15. Qd3 Bg5+ 16. Kb1 Rxf2 17. Nc3 Be7 18. g3 Raf8 19. Qe3 b6 20. Qe1 a6
21. Ne2 R2f7 22. h4 b5 23. cxb5 axb5 24. Nc1 d5 25. g4 Rf4 26. exd5 exd5 27. g5 e4 28. Ne2 Rf2 29. Nd4 Qb6 30. Ne6 R8f7
31. Qc3 c5 32. Qe5 R2f5 33. Qb2 d4 34. g6 hxg6 35. Ng5 Bxg5 36. hxg5 Rxg5 37. Qc1 e3 38. Rdg1 Rxg1 39. Qxg1 Qf6 40. Qh2 Rf8
41. Qc7 Qf5 42. Qh2 Qf3 43. Qh8+ Kf7 44. Qh3 Qxh3 45. Rxh3 e2 46. Rh1 Ke6
0-1

[Event "DAGIJ"]
[Site "SchemingMind.com"]
[Date "2023.02.13"]
[Round "-"]
[White "MazetaFighter"]
[Black "JAHI"]
[Result "1/2-1/2"]
[WhiteCountry "GRE"]
[BlackCountry "INT"]
[WhiteElo "2136"]
[WhiteRD "82"]
[BlackElo "2161"]
[BlackRD "78"]
[GameID "731298"]

1. e4 b6 2. d4 Bb7 3. Nc3 e6 4. Nf3 Bb4 5. Bd3 Kf8 6. O-O Bxc3 7. bxc3 d6 8. Ba3 Ne7 9. Re1 Nbc6 10. e5 Kg8
11. Be4 d5 12. Bd3 Na5 13. Bxe7 Qxe7 14. a4 c6 15. Qe2 h6 16. Qe3 c5 17. h4 c4 18. Be2 Bc6 19. h5 Qd7 20. Nh4= Bxa4
21. Bd1 Qd8 22. Qh3= Bd7 23. f4 Qc8 24. Bg4 Kh7 25. Rf1 Nc6 26. f5 Rg8 27. f6 Qf8 28. Ng6 Qe8 29. Rae1 gxf6 30. exf6 Nd8
31. Nf4 Rg5 32. Re5 Rxe5 33. dxe5 Nc6 34. Nxd5 Qg8 35. Ne7 Nxe7 36. fxe7 Re8 37. Qh4 Qg7 38. Bh3 Qg5 39. Rxf7+ Kg8 40. Qxg5+ hxg5
41. Rf6 Rxe7 42. Kf2 a6 43. Ke3 a5 44. Kd4 Rh7 45. Bxe6+ Bxe6 46. Rxe6 Rxh5 47. Rxb6 Kf7 48. Kxc4 g4 49. Kd5 Rh2 50. Rb7+ Kg6
51. Rb6+ Kf7 52. e6+ Kf6 53. Kd6 Rxg2 54. Kd7 Re2 55. c4 g3 56. Rb3 g2 57. Rf3+ Kg5 58. Rg3+ Kf6 59. Rf3+ Kg5 60. Rg3+ Kf6
61. Rf3+ Kg7 62. Rg3+ Kf6 63. Rf3+ Kg7 64. Rg3+ Kf6 65. Rf3+= Kg6 66. Rg3+ Kf6
1/2-1/2

[Event "DAGIJ"]
[Site "SchemingMind.com"]
[Date "2023.02.08"]
[Round "-"]
[White "JAHI"]
[Black "MazetaFighter"]
[Result "1-0"]
[WhiteCountry "INT"]
[BlackCountry "GRE"]
[WhiteElo "2174"]
[WhiteRD "67"]
[BlackElo "2002"]
[BlackRD "82"]
[GameID "731299"]

1. e3 f5 2. g3 Nf6 3. Bg2 e6 4. Kf1 d5 5. d3 Bd6 6. Nc3 Bd7 7. e4 dxe4 8. dxe4 Bc6 9. Bg5 O-O 10. exf5 Bxg2+
11. Kxg2 exf5 12. Nf3 Nbd7 13. Nb5 Be7 14. Bxf6 Bxf6 15. c3 a6 16. Qd5+ Kh8 17. Rhd1 axb5 18. Qxd7 Qxd7 19. Rxd7 b4 20. cxb4 Bxb2
21. Rb1 Bf6 22. Rxc7 b6 23. b5 Rxa2 24. Rb7 Bd8 25. Rd1 Rb2 26. Rdd7 Rxb5 27. Nd4 Re5 28. Rxg7 Bf6 29. Rxh7+ Kg8 30. Rhd7
1-0

[Event "DAGIJ"]
[Site "SchemingMind.com"]
[Date "2023.02.13"]
[Round "-"]
[White "MazetaFighter"]
[Black "LockettJ"]
[Result "1/2-1/2"]
[WhiteCountry "GRE"]
[BlackCountry "ENG"]
[WhiteElo "2046"]
[WhiteRD "80"]
[BlackElo "2079"]
[BlackRD "85"]
[GameID "731300"]

1. e4 e6 2. d4 d5 3. Nc3 Bb4 4. exd5 exd5 5. Bd3 Nc6 6. a3 Bxc3+ 7. bxc3 Nge7 8. Qf3 Be6 9. Rb1 b6 10. Ne2 Qd7
11. Nf4 Bf5 12. O-O O-O 13. Bd2 Rad8 14. Rfe1 Rfe8 15. h3 Bxd3 16. cxd3 Rf8 17. Re2 Nf5 18. Qg4 Nfe7 19. Qxd7 Rxd7 20. g4 Ng6
21. Nxg6 fxg6 22. Rbe1 Rf6 23. Bg5 Rf8 24. Kg2 Na5 25. Re8 h6 26. Bh4 Rxe8 27. Rxe8+ Kf7 28. Ra8=
1/2-1/2

[Event "DAGIJ"]
[Site "SchemingMind.com"]
[Date "2023.02.08"]
[Round "-"]
[White "LockettJ"]
[Black "MazetaFighter"]
[Result "1/2-1/2"]
[WhiteCountry "ENG"]
[BlackCountry "GRE"]
[WhiteElo "2047"]
[WhiteRD "87"]
[BlackElo "2000"]
[BlackRD "79"]
[GameID "731301"]

1. c4 c5 2. g3 Nc6 3. Nc3 g6 4. Bg2 Bg7 5. Nf3 d6 6. O-O e6 7. e3 Nge7 8. Re1 O-O 9. d4 a6 10. a3 Rb8
11. dxc5 dxc5 12. Qc2 b5 13. cxb5 axb5 14. Bd2 c4 15. Red1 Qc7 16. Ne2 Nd5 17. Rac1 Bd7=
1/2-1/2

[Event "DAGIJ"]
[Site "SchemingMind.com"]
[Date "2023.02.13"]
[Round "-"]
[White "MazetaFighter"]
[Black "CapaChess"]
[Result "0-1"]
[WhiteCountry "GRE"]
[BlackCountry "CUB"]
[WhiteElo "2002"]
[WhiteRD "82"]
[BlackElo "2431"]
[BlackRD "72"]
[GameID "731302"]

1. e4 c6 2. d4 d5 3. Nc3 dxe4 4. Nxe4 Nf6 5. Nxf6+ exf6 6. Bc4 Bd6 7. Qe2+ Be7 8. Nf3 O-O 9. O-O Re8 10. Re1 a5
11. h3 Na6 12. Bd2 Nc7 13. a4 Bf5 14. c3 Qd7 15. Bf4 Nd5 16. Bg3 Bf8 17. Qd2 g6 18. Nh4 Be6 19. Bd3 b5 20. axb5 cxb5
21. c4 Bb4 22. Qh6 bxc4
0-1

[Event "DAGIJ"]
[Site "SchemingMind.com"]
[Date "2023.02.08"]
[Round "-"]
[White "CapaChess"]
[Black "MazetaFighter"]
[Result "1-0"]
[WhiteCountry "CUB"]
[BlackCountry "GRE"]
[WhiteElo "2369"]
[WhiteRD "75"]
[BlackElo "1992"]
[BlackRD "89"]
[GameID "731303"]

1. e4 e5 2. Nf3 Nc6 3. d4 exd4 4. Bc4 Nf6 5. e5 d5 6. Bb5 Ne4 7. Nxd4 Bd7 8. Bxc6 bxc6 9. O-O Bc5 10. f3 Ng5
11. f4 Ne4 12. Be3 Bb6 13. Nd2 c5 14. N4f3 Nxd2 15. Qxd2 d4 16. Bf2 Bc6 17. Bh4 Qd7 18. b3 O-O 19. a4 a5 20. Qd3 Qg4
21. Bg3 Rae8 22. Rae1 Bd7 23. Nh4 f5 24. Nf3 Bc6 25. Qc4+ Kh8 26. e6 Bxf3 27. Rxf3 Re7 28. h3 Qg6 29. Bh4
1-0

[Event "DAGIJ"]
[Site "SchemingMind.com"]
[Date "2023.02.13"]
[Round "-"]
[White "MazetaFighter"]
[Black "Megabulles"]
[Result "0-1"]
[WhiteCountry "GRE"]
[BlackCountry "GER"]
[WhiteElo "2005"]
[WhiteRD "81"]
[BlackElo "2264"]
[BlackRD "72"]
[GameID "731304"]

1. e4 c5 2. Nf3 e6 3. d4 cxd4 4. Nxd4 a6 5. Bd3 Nf6 6. O-O Qc7 7. Qe2 d6 8. c4 g6 9. Nc3 Bg7 10. Rd1 O-O
11. Nf3 Nc6 12. h3 Nd7 13. Bd2 Nde5 14. Rac1 Bd7 15. b3 f5 16. exf5 gxf5 17. Bb1 Be8 18. Ng5 Nd4 19. Qe3 h6 20. Qxd4 hxg5
21. Qe3 Bf6 22. Qg3 Qg7 23. f4 gxf4 24. Qxg7+ Kxg7 25. Bxf4 Rd8 26. Rd2 Kf7 27. Ne2 Rg8 28. Kh2 Ng6 29. Rcd1 Nxf4 30. Nxf4 Be5
31. Rf1 Bc6 32. g3 Rg5 33. Re2 Rdg8 34. Re3 Kf6 35. h4 Rg4 36. Nh5+ Ke7 37. Kh3 Rh8 38. Nf4 Bxf4 39. Rxf4 Rhxh4+ 40. gxh4 Rxf4
41. Rg3 Rf1
0-1

[Event "DAGIJ"]
[Site "SchemingMind.com"]
[Date "2023.02.08"]
[Round "-"]
[White "Megabulles"]
[Black "MazetaFighter"]
[Result "1/2-1/2"]
[WhiteCountry "GER"]
[BlackCountry "GRE"]
[WhiteElo "2195"]
[WhiteRD "74"]
[BlackElo "1992"]
[BlackRD "89"]
[GameID "731305"]

1. d4 d5 2. Nf3 Nf6 3. e3 c5 4. c3 e6 5. Bd3 Nbd7 6. Nbd2 Be7 7. O-O O-O 8. Qe2 b6 9. e4 cxd4 10. Nxd4 dxe4
11. Nxe4 Bb7 12. Rd1 a6 13. Bg5 Qc7 14. h3 Nd5 15. Bxe7 Nxe7 16. Ng5=
1/2-1/2

[Event "DAGIJ"]
[Site "SchemingMind.com"]
[Date "2023.02.11"]
[Round "-"]
[White "Transcendent"]
[Black "ray winteringham"]
[Result "1-0"]
[WhiteCountry "ENG"]
[BlackCountry "ENG"]
[WhiteElo "2097"]
[WhiteRD "83"]
[BlackElo "1456"]
[BlackRD "46"]
[GameID "731306"]

1. e4 e5 2. Nf3 d6 3. d4 exd4 4. Nxd4 Be7 5. Nc3 h6 6. Bc4 Bd7 7. O-O c5 8. Qf3 Nf6 9. Nf5 Nc6 10. Nxg7+ Kf8
11. Nf5 Bxf5 12. Qxf5 Nd4 13. Qh3 h5 14. Bb3 Nxb3 15. axb3 Qd7 16. Qxd7 Nxd7 17. Nd5 h4 18. f3 Rg8 19. Bh6+ Ke8 20. Nc7+ Kd8
21. Nxa8 Kc8 22. Rxa7
1-0

[Event "DAGIJ"]
[Site "SchemingMind.com"]
[Date "2023.02.10"]
[Round "-"]
[White "ray winteringham"]
[Black "Transcendent"]
[Result "0-1"]
[WhiteCountry "ENG"]
[BlackCountry "ENG"]
[WhiteElo "1427"]
[WhiteRD "48"]
[BlackElo "2106"]
[BlackRD "80"]
[GameID "731307"]

1. e4 e6 2. d4 d5 3. e5 c5 4. c3 Nc6 5. Nf3 Qb6 6. Be2 cxd4 7. cxd4 Nh6 8. Bxh6 Qxb2 9. Nbd2 gxh6 10. Nb3 Bb4+
11. Nbd2 Nxd4 12. Nxd4 Qxd4 13. Bb5+ Bd7 14. Bxd7+ Kxd7 15. O-O Qxd2 16. Qxd2 Bxd2 17. g3 Bc3 18. Rac1 Bxe5 19. Rc2 Rac8 20. Re2 Bc7
21. Kg2 Bb6 22. Rd1 Rc4 23. Rdd2 Rhc8 24. Kf3 h5 25. h4 h6 26. Kg2 f6 27. f4 Kd6 28. Kh3 Rc3 29. Kg2 Rg8
0-1

[Event "DAGIJ"]
[Site "SchemingMind.com"]
[Date "2023.02.11"]
[Round "-"]
[White "Transcendent"]
[Black "JAHI"]
[Result "0-1"]
[WhiteCountry "ENG"]
[BlackCountry "INT"]
[WhiteElo "1981"]
[WhiteRD "79"]
[BlackElo "2174"]
[BlackRD "76"]
[GameID "731310"]

1. d4 b6 2. e4 Bb7 3. Bd3 d6 4. Ne2 Nd7 5. O-O g6 6. c4 Bg7 7. Nbc3 Kf8 8. Be3 e6 9. f4 Ne7 10. Qd2 h6
11. Rad1 Kg8 12. f5 Rh7 13. fxe6 fxe6 14. h3 Kh8 15. Nf4 Nf8 16. Rf2 e5 17. dxe5 Bxe5 18. Bb1 Rc8 19. Nd3 Bg7 20. Rdf1 Qe8
21. Nd5 Nd7 22. N3f4 Ne5 23. b3 N7c6 24. Nd3 Qd7 25. Nf6 Bxf6 26. Rxf6 g5 27. Nxe5 Nxe5 28. Bd4 Qe7 29. Bb2 a6 30. Qf2 Rg8
31. Qg3 Rgg7 32. Qf2 Rg8
0-1

[Event "DAGIJ"]
[Site "SchemingMind.com"]
[Date "2023.02.10"]
[Round "-"]
[White "JAHI"]
[Black "Transcendent"]
[Result "1/2-1/2"]
[WhiteCountry "INT"]
[BlackCountry "ENG"]
[WhiteElo "2146"]
[WhiteRD "74"]
[BlackElo "2058"]
[BlackRD "80"]
[GameID "731311"]

1. e3 Nf6 2. g3 d5 3. Bg2 e5 4. Kf1 Bd6 5. d3 c5 6. e4 dxe4 7. dxe4 Nc6 8. Bg5 O-O 9. Nd2 b5 10. h3 h6
11. Bxf6 Qxf6 12. Ne2 c4 13. Nc3 Bc5 14. Qe1 Be6 15. Nd5 Qg6 16. c3 f5 17. Nc7 Rad8 18. Nxe6 Qxe6 19. exf5 Qxf5=
1/2-1/2

[Event "DAGIJ"]
[Site "SchemingMind.com"]
[Date "2023.02.11"]
[Round "-"]
[White "Transcendent"]
[Black "LockettJ"]
[Result "0-1"]
[WhiteCountry "ENG"]
[BlackCountry "ENG"]
[WhiteElo "2058"]
[WhiteRD "80"]
[BlackElo "2100"]
[BlackRD "86"]
[GameID "731312"]

1. d4 Nf6 2. c4 g6 3. g3 Bg7 4. Bg2 O-O 5. Nc3 d6 6. Nf3 Nbd7 7. O-O e5 8. e4 c6 9. Qc2 exd4 10. Nxd4 Ng4
11. Nce2 Nc5 12. h3 Ne5 13. Be3 Qe7 14. Rad1 a5 15. f4 Ned7 16. Bf2 Nb6 17. b3 Re8
0-1

[Event "DAGIJ"]
[Site "SchemingMind.com"]
[Date "2023.02.10"]
[Round "-"]
[White "LockettJ"]
[Black "Transcendent"]
[Result "1-0"]
[WhiteCountry "ENG"]
[BlackCountry "ENG"]
[WhiteElo "2090"]
[WhiteRD "87"]
[BlackElo "1680"]
[BlackRD "70"]
[GameID "731313"]

1. c4 c6 2. g3 Nf6 3. Bg2 d5 4. Nf3 Bf5 5. cxd5 cxd5 6. Qb3 Nc6 7. O-O Qd7 8. d4 e6 9. Nc3 Bd6 10. Nb5 Bb8
11. Bf4 Bxf4 12. gxf4 a6 13. Nc3 O-O 14. e3 Ne4 15. Rac1 Rac8 16. Ne5 Nxe5 17. Nxe4 Bxe4 18. fxe5 Bf5 19. Rfe1 h6 20. Qb4 Rc7
21. Rc5 f6 22. exf6 Rxf6 23. Rec1 Rxc5 24. Rxc5 Rg6 25. Kh1 b5 26. Qa5 Rxg2 27. Kxg2 Qf7 28. Qc7 Be4+ 29. Kf1 Qf3= 30. Ke1 Bd3
31. Rc2 b4 32. Qg3 Qh1+ 33. Kd2 Qf1 34. Rc8+ Kh7 35. Qf3
1-0

[Event "DAGIJ"]
[Site "SchemingMind.com"]
[Date "2023.02.11"]
[Round "-"]
[White "Transcendent"]
[Black "CapaChess"]
[Result "0-1"]
[WhiteCountry "ENG"]
[BlackCountry "CUB"]
[WhiteElo "1981"]
[WhiteRD "79"]
[BlackElo "2504"]
[BlackRD "70"]
[GameID "731314"]

1. d4 Nf6 2. c4 e6 3. g3 d5 4. Nf3 Bb4+ 5. Bd2 Be7 6. Bg2 O-O 7. O-O c6 8. Qc2 Nbd7 9. Bf4 b6 10. Rd1 Bb7
11. Ne5 Nh5 12. Bd2 Nhf6 13. cxd5 cxd5 14. Nc6 Bxc6 15. Qxc6 Rc8 16. Qb5 Ne8 17. Nc3 Nd6 18. Qb3 Nf6 19. Rac1 h6 20. a4 Qd7
21. e3 Rc6 22. Rc2 Rfc8 23. Rdc1 h5 24. Bf1 Nc4 25. Be1 h4 26. Qb5 Qb7 27. Bd3 a6 28. Qb3 Nh7 29. Nd1 Ng5 30. Be2 hxg3
31. hxg3 R8c7 32. f4 Ne4 33. Qa2 Qc8 34. b3 Ne5 35. Rxc6= Nxc6 36. Kg2 Bb4 37. Bxb4 Nxb4 38. Rxc7 Qxc7 39. Qb2 a5 40. Bf3 Nd6
41. g4 Kf8 42. Qc3 Qe7 43. g5 f6 44. gxf6 gxf6 45. Nf2 Qh7 46. Kf1 Ke8 47. Ng4 Kd8 48. Qd2 Qb1+ 49. Qd1 Qb2
0-1

[Event "DAGIJ"]
[Site "SchemingMind.com"]
[Date "2023.02.10"]
[Round "-"]
[White "CapaChess"]
[Black "Transcendent"]
[Result "1/2-1/2"]
[WhiteCountry "CUB"]
[BlackCountry "ENG"]
[WhiteElo "2462"]
[WhiteRD "64"]
[BlackElo "2097"]
[BlackRD "83"]
[GameID "731315"]

1. e4 e6 2. d4 d5 3. Nc3 Bb4 4. e5 c5 5. a3 Bxc3+ 6. bxc3 Ne7 7. Qg4 cxd4 8. Qxg7 Rg8 9. Qxh7 Qc7 10. Ne2 dxc3
11. f4 Nbc6 12. Qd3 d4 13. Nxd4 Nxd4 14. Qxd4 Bd7 15. Rg1 Nf5 16. Qf2 Qc6 17. Bd3 Qd5 18. Be3 Nxe3 19. Qxe3 Rxg2 20. Rxg2 Qxg2
21. Be4 Qxh2 22. O-O-O Bc6 23. Bxc6+ bxc6 24. Qd4 Qe2 25. Qxc3 Qe4 26. Rd4 Qh1+ 27. Rd1 Qe4 28. Qd2 Qf3 29. Qb4=
1/2-1/2

[Event "DAGIJ"]
[Site "SchemingMind.com"]
[Date "2023.02.11"]
[Round "-"]
[White "Transcendent"]
[Black "Megabulles"]
[Result "1/2-1/2"]
[WhiteCountry "ENG"]
[BlackCountry "GER"]
[WhiteElo "2142"]
[WhiteRD "82"]
[BlackElo "2300"]
[BlackRD "70"]
[GameID "731316"]

1. d4 d5 2. c4 c6 3. Nf3 Nf6 4. g3 dxc4 5. Bg2 g6 6. O-O Bg7 7. a4 Ne4 8. Qc2 Nd6 9. Na3 Bf5 10. Qc3 O-O
11. Nxc4 c5 12. Nxd6 exd6 13. Be3 Nc6 14. Rad1 b6 15. Nh4 Bd7 16. Qd2 cxd4 17. Bg5 Qe8 18. Nf3 Bg4 19. Rfe1 Rc8 20. Bh6 Bxh6
21. Qxh6 Bxf3 22. exf3 Qd8 23. h4 Qf6=
1/2-1/2

[Event "DAGIJ"]
[Site "SchemingMind.com"]
[Date "2023.02.10"]
[Round "-"]
[White "Megabulles"]
[Black "Transcendent"]
[Result "1/2-1/2"]
[WhiteCountry "GER"]
[BlackCountry "ENG"]
[WhiteElo "2300"]
[WhiteRD "70"]
[BlackElo "2142"]
[BlackRD "82"]
[GameID "731317"]

1. d4 d5 2. Nf3 Nf6 3. Bf4 c5 4. e3 Qb6 5. Nbd2 Nc6 6. a3 cxd4 7. exd4 Nxd4 8. Be3 Nxf3+ 9. Nxf3 Qc7 10. Rc1 g6
11. c4 Bg7 12. cxd5 Qa5+ 13. Bd2 Qxd5 14. Bc4 Qe4+ 15. Be2 O-O 16. O-O Bd7 17. Re1 Qa4 18. Ne5 Qxd1 19. Bxd1 Be6 20. Bf3 Bd5=
1/2-1/2

[Event "DAGIJ"]
[Site "SchemingMind.com"]
[Date "2023.02.08"]
[Round "-"]
[White "ray winteringham"]
[Black "JAHI"]
[Result "0-1"]
[WhiteCountry "ENG"]
[BlackCountry "INT"]
[WhiteElo "1427"]
[WhiteRD "48"]
[BlackElo "2174"]
[BlackRD "67"]
[GameID "731320"]

1. e4 b6 2. d4 Bb7 3. Nc3 e6 4. g3 Bb4 5. Bd2 Bxc3 6. Bxc3 Bxe4 7. f3 Bb7 8. Bg2 Kf8 9. Ne2 d6 10. O-O Nd7
11. Nf4 h6 12. Nh5 Ngf6 13. Nf4 h5 14. h4 a6 15. Nh3 b5 16. f4 Bxg2 17. Kxg2 Nd5 18. Qf3 g6 19. Rae1 N7f6 20. Ba5 Qd7
21. b3 Qc6 22. Nf2 Qxc2 23. Re2 Qc6 24. Ne4 Nxe4 25. Qxe4 b4 26. Rc2 Ne3+
0-1

[Event "DAGIJ"]
[Site "SchemingMind.com"]
[Date "2023.02.08"]
[Round "-"]
[White "JAHI"]
[Black "ray winteringham"]
[Result "1-0"]
[WhiteCountry "INT"]
[BlackCountry "ENG"]
[WhiteElo "2174"]
[WhiteRD "67"]
[BlackElo "1427"]
[BlackRD "48"]
[GameID "731321"]

1. e3 c5 2. g3 d5 3. Bb5+ Bd7 4. Bxd7+ Nxd7 5. Kf1 e6 6. d3 Qc7 7. e4 Bd6 8. Kg2 Qc6 9. Nc3 Ne7 10. a3 dxe4
11. dxe4 h6 12. Nf3 O-O-O 13. h3 f5 14. Qe2 Rhf8 15. b3 Ne5 16. Nb5 Kb8 17. Nxd6 Rxd6 18. Nxe5 Qxe4+ 19. Qxe4 fxe4 20. Bf4 Kc8
21. Ng6 e5 22. Nxe7+ Kd7 23. Bxe5 Re6 24. Bxg7 Rf7 25. Nd5 Rxg7 26. Rhd1 Kc6 27. Ne3 b6 28. Rd5 Rd7 29. Rxd7 Kxd7 30. Rd1+ Kc6
31. Rd8 Kc7 32. Rh8 Kc6 33. Nf5
1-0

[Event "DAGIJ"]
[Site "SchemingMind.com"]
[Date "2023.02.08"]
[Round "-"]
[White "ray winteringham"]
[Black "LockettJ"]
[Result "0-1"]
[WhiteCountry "ENG"]
[BlackCountry "ENG"]
[WhiteElo "1427"]
[WhiteRD "48"]
[BlackElo "2100"]
[BlackRD "90"]
[GameID "731322"]

1. e4 Nf6 2. e5 Nd5 3. Bc4 Nb6 4. Bb3 c5 5. Qf3 c4 6. Ne2 cxb3 7. cxb3 Nc6 8. d4 d6 9. Bf4 dxe5 10. dxe5 Be6
11. Nbc3 g6
0-1

[Event "DAGIJ"]
[Site "SchemingMind.com"]
[Date "2023.02.08"]
[Round "-"]
[White "LockettJ"]
[Black "ray winteringham"]
[Result "1-0"]
[WhiteCountry "ENG"]
[BlackCountry "ENG"]
[WhiteElo "2100"]
[WhiteRD "90"]
[BlackElo "1427"]
[BlackRD "48"]
[GameID "731323"]

1. e4 e5 2. Nf3 d6 3. d4 exd4 4. Nxd4 c5 5. Nf3 Be6 6. Nc3 Be7 7. Bf4 h6 8. Bb5+ Nd7 9. Bxd6 Bxd6 10. Qxd6 a6
11. Bxd7+
1-0

[Event "DAGIJ"]
[Site "SchemingMind.com"]
[Date "2023.02.08"]
[Round "-"]
[White "ray winteringham"]
[Black "CapaChess"]
[Result "0-1"]
[WhiteCountry "ENG"]
[BlackCountry "CUB"]
[WhiteElo "1401"]
[WhiteRD "48"]
[BlackElo "2369"]
[BlackRD "75"]
[GameID "731324"]

1. e4 c6 2. Bc4 d5 3. exd5 cxd5 4. Bb3 Nc6 5. d3 Nf6 6. h3 h6 7. Ne2 Bf5 8. Bf4 e5 9. Bg3 Bc5 10. O-O O-O
11. Nd2 Re8 12. Ba4 Bg6 13. a3 Rc8 14. b4 Bb6 15. c3 Bxd3 16. Re1 Nh5 17. Bh2 Bxf2+ 18. Kxf2 Qb6+ 19. Kf1 Re6 20. Bc2 Bxc2
21. Qxc2 e4 22. Nb3 Rf6+ 23. Nf4 Nxf4 24. Bxf4 Rxf4+ 25. Ke2 Rf2+
0-1

[Event "DAGIJ"]
[Site "SchemingMind.com"]
[Date "2023.02.08"]
[Round "-"]
[White "CapaChess"]
[Black "ray winteringham"]
[Result "1-0"]
[WhiteCountry "CUB"]
[BlackCountry "ENG"]
[WhiteElo "2369"]
[WhiteRD "75"]
[BlackElo "1401"]
[BlackRD "48"]
[GameID "731325"]

1. e4 d5 2. exd5 Qxd5 3. Nc3 Qd8 4. d4 h6 5. Nf3 e6 6. Ne5 Bd6 7. Qg4 Qf6 8. Ne4 Qd8 9. Qxg7 Bxe5 10. dxe5 Ne7
11. Nf6#
1-0

[Event "DAGIJ"]
[Site "SchemingMind.com"]
[Date "2023.02.08"]
[Round "-"]
[White "ray winteringham"]
[Black "Megabulles"]
[Result "0-1"]
[WhiteCountry "ENG"]
[BlackCountry "GER"]
[WhiteElo "1401"]
[WhiteRD "48"]
[BlackElo "2195"]
[BlackRD "74"]
[GameID "731326"]

1. e4 c5 2. Bc4 e6 3. Ne2 a6 4. O-O b5 5. Bxe6 dxe6 6. d3 Bb7 7. f3 Nc6 8. Be3 Nf6 9. Nd2 Be7 10. c4 Qxd3
11. Bf2 Rd8 12. Nf4 Qxd2 13. Qxd2 Rxd2
0-1

[Event "DAGIJ"]
[Site "SchemingMind.com"]
[Date "2023.02.08"]
[Round "-"]
[White "Megabulles"]
[Black "ray winteringham"]
[Result "1-0"]
[WhiteCountry "GER"]
[BlackCountry "ENG"]
[WhiteElo "2195"]
[WhiteRD "74"]
[BlackElo "1401"]
[BlackRD "48"]
[GameID "731327"]

1. d4 d5 2. Nf3 e6 3. e3 Bb4+ 4. c3 Ba5 5. Nbd2 Ne7 6. Bd3 c6 7. O-O Bb6 8. e4 Nd7 9. Re1 dxe4 10. Nxe4 c5
11. Nd6+ Kf8 12. Ng5 Rg8 13. Nxh7#
1-0

[Event "DAGIJ"]
[Site "SchemingMind.com"]
[Date "2023.02.08"]
[Round "-"]
[White "JAHI"]
[Black "LockettJ"]
[Result "1-0"]
[WhiteCountry "INT"]
[BlackCountry "ENG"]
[WhiteElo "2174"]
[WhiteRD "76"]
[BlackElo "2079"]
[BlackRD "85"]
[GameID "731336"]

1. e3 e5 2. g3 d5 3. Bg2 Nf6 4. Kf1 Bd6 5. d3 O-O 6. e4 d4 7. Bg5 h6 8. Bxf6 Qxf6 9. Nd2 Be6 10. h3 Nd7
11. Ne2 Nc5 12. Rh2 Rad8 13. Kg1 a5 14. f3 Rb8 15. Kh1 b5 16. Qg1 Na4 17. f4 c5 18. f5 Bd7 19. b3 Nb6 20. Nf3 Qe7
21. h4 c4 22. Bh3 Kh8 23. g4 Bc6 24. g5 h5 25. f6 gxf6 26. Ng3 fxg5 27. hxg5 Qc7 28. Nxh5 Rg8 29. Bf5 Be8 30. Qg4 cxd3
31. Qh4
1-0

[Event "DAGIJ"]
[Site "SchemingMind.com"]
[Date "2023.02.08"]
[Round "-"]
[White "LockettJ"]
[Black "JAHI"]
[Result "1/2-1/2"]
[WhiteCountry "ENG"]
[BlackCountry "INT"]
[WhiteElo "2085"]
[WhiteRD "85"]
[BlackElo "2172"]
[BlackRD "81"]
[GameID "731337"]

1. c4 b6 2. d4 Bb7 3. Nc3 e6 4. a3 Be7 5. e4 Kf8 6. Nf3 d6 7. Be2 Nd7 8. Be3 c6 9. Qc2 Ngf6 10. O-O Ne8
11. Rac1 Nc7 12. e5 d5 13. cxd5 cxd5 14. Bd3 h6 15. b4 a6 16. Nd2 Kg8 17. Nf3 b5 18. a4 Nb6 19. axb5 axb5 20. Nxb5 Nxb5
21. Bxb5 Nc4 22. Bd2 Na3 23. Qc7 Nxb5 24. Qxb7 Rb8 25. Qa6 Kh7 26. Rc6 Qd7 27. Rfc1 Rb7 28. Qa5 Rhb8 29. h4 Ra7 30. Ra6 Rba8
31. Rcc6 Rb8 32. g3 Rxa6 33. Qxa6 Na3 34. Rb6 Rxb6 35. Qxb6 Nc4 36. Qa6 Nxd2 37. Nxd2 Bxb4 38. Qd3+ g6 39. Nf3 Kg7 40. Nd2 Qc7
41. Nf3=
1/2-1/2